|
|
|
|
| LEADER |
02046nam a22003973i 4500 |
| 001 |
EBC7156187 |
| 003 |
MiAaPQ |
| 005 |
20231204023228.0 |
| 006 |
m o d | |
| 007 |
cr cnu|||||||| |
| 008 |
231204s2022 xx o ||||0 eng d |
| 020 |
|
|
|a 9783110798081
|q (electronic bk.)
|
| 035 |
|
|
|a (MiAaPQ)EBC7156187
|
| 035 |
|
|
|a (Au-PeEL)EBL7156187
|
| 035 |
|
|
|a (OCoLC)1353268602
|
| 040 |
|
|
|a MiAaPQ
|b eng
|e rda
|e pn
|c MiAaPQ
|d MiAaPQ
|
| 082 |
0 |
|
|a 401.4
|
| 100 |
1 |
|
|a Klosa-Kückelhaus, Annette.
|
| 245 |
1 |
0 |
|a Lexicography of Coronavirus-Related Neologisms.
|
| 250 |
|
|
|a 1st ed.
|
| 264 |
|
1 |
|a Berlin/Boston :
|b Walter de Gruyter GmbH,
|c 2022.
|
| 264 |
|
4 |
|c {copy}2022.
|
| 300 |
|
|
|a 1 online resource (312 pages)
|
| 336 |
|
|
|a text
|b txt
|2 rdacontent
|
| 337 |
|
|
|a computer
|b c
|2 rdamedia
|
| 338 |
|
|
|a online resource
|b cr
|2 rdacarrier
|
| 490 |
1 |
|
|a Lexicographica. Series Maior Series ;
|v v.163
|
| 520 |
|
|
|a The series features monographs and edited volumes on the topics of lexicography and meta-lexicography. Works from the broader domain of lexicology are also included if they strengthen the theoretical, methodological and empirical basis of lexicography and meta-lexicography. Thevolumes focus on aspects of lexicography such as micro- and macrostructure, typology, history of the discipline, and application-oriented lexicographical documentation.
|
| 588 |
|
|
|a Description based on publisher supplied metadata and other sources.
|
| 590 |
|
|
|a Electronic reproduction. Ann Arbor, Michigan : ProQuest Ebook Central, 2023. Available via World Wide Web. Access may be limited to ProQuest Ebook Central affiliated libraries.
|
| 655 |
|
4 |
|a Electronic books.
|
| 700 |
1 |
|
|a Kernerman, Ilan.
|
| 776 |
0 |
8 |
|i Print version:
|a Klosa-Kückelhaus, Annette
|t Lexicography of Coronavirus-Related Neologisms
|d Berlin/Boston : Walter de Gruyter GmbH,c2022
|
| 797 |
2 |
|
|a ProQuest (Firm)
|
| 830 |
|
0 |
|a Lexicographica. Series Maior Series
|
| 856 |
4 |
0 |
|u https://ebookcentral.proquest.com/lib/matrademy/detail.action?docID=7156187
|z Click to View
|